00335nam a2200097Ia 4500008004100000040002900041050002200070100001500092245009700107260003300204230222s9999||||xx |||||||||||||| ||und|| cChuka University Library aP 128 bP48 2016  aPETER,C.A. 4aThe use of language to perpetuate socio-political dominance in Kenyan parliamentaty debates aC.U.bChuka Universityc2016